000 00783nam a2200253Ia 4500
003 OSt
005 20221007110008.0
006 a|||||r|||| 00| 0
007 ta
008 221006b |||||||| |||| 00| 0 eng d
020 _a0195696999
024 _a20,077
037 _cTextual
040 _aLCO
_cLCO
_beng
041 _2eng
_aeng
082 _aV2:2:(Z2,8), P8
100 _aReddy O. Chinnappa
_9428637
245 0 _aCourt and the Constitution of India
_b Summits and Shallows Foreword by Upendra Baxi and Introduction by A.S. Anand
260 _aNew
_bDelhi Oxford University Press India
_c2008
300 _a337
650 _aCOURT AND CONSTITUTION
_9707009
942 _hV2:2:(Z2,8), P8
_cTEXL
999 _c1189640
_d1189640